000 00840cam a2200133 4500500
005 20251214004344.0
041 _afre
042 _adc
100 1 0 _aSavy, Pierre
_eauthor
245 0 0 _aL'Europe des rois et des princes : 1215-1492
260 _bArmand Colin,
_c2012.
520 _aSur une période traditionnellement envisagée de manière très nationale , cet ouvrage propose une vision synthétique, transversale et parfois même comparatiste de l'histoire de l'Occident. Epoque complexe d'une grande richesse, l'histoire de ces deux siècles fondateurs permet de mieux comprendre les différents parcours de royaumes qui constituent la trame de notre Europe actuelle et de la civilisation occidentale.
856 4 1 _uhttps://shs.cairn.info/l-europe-des-rois-et-des-princes--9782200246204?lang=fr&redirect-ssocas=7080
999 _c1568480
_d1568480